Largest German speaking cities outside of Germany - Statistics

General Stats
  • This quiz has been taken 93 times
  • The average score is 8 of 12
Answer Stats
Population City % Correct
1.982.097 Vienna
100%
427.487 Zurich
95%
156.619 Salzburg
91%
134.441 Bern
89%
298.479 Graz
82%
173.422 Basel
80%
131.358 Innsbruck
74%
210.118 Linz
72%
134.714 Luxembourg
58%
104.332 Klagenfurt
48%
116.872 Winterthur
29%
106.107 Bolzano
28%
No matching quizzes found
Score Distribution
Percent of People with Each Score
Percentile by Number Answered
Your Score History
You have not taken this quiz